Players who have won the Bundesliga ang the Serie A - Statistics

General Stats
  • This quiz has been taken 24 times
  • The average score is 9 of 23
Answer Stats
Hint Answer % Correct
germany Matthaus
68%
france Coman
63%
croatia Perisic
63%
chile Vidal
63%
morocco Benatia
53%
brazil Costa
53%
croatia Mandzukic
53%
brazil Lucio
47%
germany Brehme
42%
south korea Min jae
42%
switzerland Sommer
42%
italy Barzagli
37%
germany Can
37%
germany Khedira
37%
france Pavard
37%
netherlands De Ligt
32%
netherlands Van Bommel
32%
portugal Cancelo
26%
denmark Tomasson
16%
denmark Larsen
11%
germany Kohler
5%
germany Lehmann
5%
germany Ziege
0%
No matching quizzes found
Score Distribution
Percent of People with Each Score
Percentile by Number Answered
Your Score History
You have not taken this quiz